000 00762nam a2200265 a 4500
003 AR-BaBNM
005 20251128202807.0
008 082120s2002 ||||||||||||||000 | spa||
040 _cAR-BaBNM
100 1 _aLedesma, Domingo A.
245 0 0 _aEstadística médica
260 _aBuenos Aires
_bEudeba
_c1972
300 _axiii, 311 p.
_btablas
490 0 _aBiblioteca del universitario. Medicina
500 _aApéndice: Tablas de uso frecuente en estadística médica: p. 297-311
500 _aIndice alfabético: p. 312
650 4 _aESTADISTICAS CIENTIFICAS
650 4 _aMEDICINA
650 4 _aMATEMATICA ESTADISTICA
650 4 _aMEDICINA
650 4 _aDATOS ESTADISTICOS
650 4 _aINFERENCIA ESTADISTICA
942 _cBK
998 _cSILVI
999 _c602
_d602